000 00383nam a22001457a 4500
003 OSt
005 20260316101637.0
007 235 pages
008 260316b |||||||| |||| 00| 0 eng d
040 _c
082 _a006.3
_bBAB
245 _aGraph algorithms
_bPractical examples in Apache spark and Neo 4j
_cNeedham, Mark
260 _bSPD
_c2019
942 _2ddc
_cBK
_k005.133
_mNEE
_n0
999 _c36318
_d36318